Přehled chemického názvosloví
Saved in:
| Format: | Book |
|---|---|
| Language: | Czech |
| Published: |
Praha
Státní pedagogické nakladatelství
2004
|
| Edition: | 1. vyd. |
| Subjects: | |
| Online Access: | View in OPAC |
| Tags: |
No Tags, Be the first to tag this record!
|
MARC
| LEADER | 00000nam a2200000 a 4500 | ||
|---|---|---|---|
| 005 | 20260127134151.0 | ||
| 008 | 050120 2004 xr 000 0 cze d | ||
| 020 | |a 8072352601 | ||
| 035 | |a vtls001489702 | ||
| 039 | 9 | |a 200612131357 |b mschk04 |c 200604200937 |d mschk03 |c 200502101058 |d mschk04 |y 200501201417 |z mschk03 | |
| 040 | |a STUSCHK1 |b slo |c STUSCHK1 |e AACR2 | ||
| 080 | |a 54 | ||
| 245 | 1 | |a Přehled chemického názvosloví | |
| 250 | |a 1. vyd. | ||
| 260 | |a Praha |b Státní pedagogické nakladatelství |c 2004 | ||
| 300 | |a 144 s. | ||
| 650 | 0 | |a chemické názvoslovie | |
| 910 | |a SCHK95 | ||
| 919 | |a 80-7235-260-1 | ||
| 999 | |c 5643 |d 5643 | ||